[Event "Rheinland Pfalz Seniors op 20th"]
[Site "Altenkirchen"]
[Date "2023.09.13"]
[Round "9"]
[White "Loehr, Hans Gerd"]
[Black "Tuertmann, Dieter"]
[Result "1/2-1/2"]
[WhiteElo "1799"]
[BlackElo "1936"]
[PlyCount "81"]
[EventDate "2023.09.05"]
[EventType "swiss"]
[EventRounds "9"]
[EventCountry "GER"]
[SourceTitle "CBM 216 Extra"]
[Source "ChessBase"]
[SourceDate "2023.11.30"]
[SourceVersion "1"]
[SourceVersionDate "2023.11.30"]
[SourceQuality "1"]

1. e4 e5 2. Nf3 Nc6 3. Bc4 Nf6 4. d3 Be7 5. 0-0 0-0 6. a4 d6 7. c3 a5 8. Re1 Bg4 9. Nbd2 Nd7 10. Nf1 Be6 11. Bb3 Bxb3 12. Qxb3 Nc5 13. Qc2 Ne6 14. Ne3 Re8 15. Nd5 Bf8 16. Be3 g6 17. Qd2 Bg7 18. Ng5 Qd7 19. Nh3 f6 20. f4 Nxf4 21. Nhxf4 exf4 22. Bxf4 Ne7 23. Ne3 Qe6 24. h3 h5 25. Nc2 Qd7 26. Nd4 f5 27. Nf3 Nc6 28. exf5 Qxf5 29. Nh4 Rxe1+ 30. Rxe1 Qf7 31. Bg5 Rf8 32. Qe2 Kh7 33. d4 Bh6 34. Nf3 Qf5 35. Rf1 Qd7 36. Qd2 Bg7 37. Qd3 Rf5 38. Bh4 Bh6 39. Re1 Qf7 40. Qe4 Kg7 41. Rf1 1/2-1/2

[Event "Rheinland Pfalz Seniors op 20th"]
[Site "Altenkirchen"]
[Date "2023.09.10"]
[Round "6"]
[White "Loehr, Hans Gerd"]
[Black "Weber, Thomas"]
[Result "1/2-1/2"]
[WhiteElo "1799"]
[BlackElo "1974"]
[PlyCount "31"]
[EventDate "2023.09.05"]
[EventType "swiss"]
[EventRounds "9"]
[EventCountry "GER"]
[SourceTitle "CBM 216 Extra"]
[Source "ChessBase"]
[SourceDate "2023.11.30"]
[SourceVersion "1"]
[SourceVersionDate "2023.11.30"]
[SourceQuality "1"]

1. e4 d5 2. exd5 Qxd5 3. Nc3 Qd6 4. d4 Nf6 5. Nge2 c6 6. Bf4 Qd8 7. Qd2 Bf5 8. Ng3 Bg6 9. Bc4 e6 10. 0-0-0 Bd6 11. h4 h6 12. h5 Bh7 13. Rhe1 b5 14. Bxe6 0-0 15. Bf5 Qc7 16. Bxh7+ 1/2-1/2

[Event "Rheinland Pfalz Seniors op 20th"]
[Site "Altenkirchen"]
[Date "2023.09.06"]
[Round "2"]
[White "Loehr, Hans Gerd"]
[Black "Vlaeyens, Manu"]
[Result "1-0"]
[WhiteElo "1799"]
[BlackElo "1390"]
[PlyCount "70"]
[EventDate "2023.09.05"]
[EventType "swiss"]
[EventRounds "9"]
[EventCountry "GER"]
[SourceTitle "CBM 216 Extra"]
[Source "ChessBase"]
[SourceDate "2023.11.30"]
[SourceVersion "1"]
[SourceVersionDate "2023.11.30"]
[SourceQuality "1"]

1. e4 c6 2. Nc3 d5 3. Nf3 dxe4 4. Nxe4 Bg4 5. h3 Bxf3 6. Qxf3 e6 7. Be2 Nd7 8. Qb3 Qb6 9. Qg3 Ndf6 10. Nd6+ Ke7 11. Nc4 Qd8 12. 0-0 g6 13. d4 Ke8 14. c3 Be7 15. Bf3 h5 16. Re1 Nh6 17. Bxh6 Rxh6 18. Ne5 Rc8 19. Rad1 Qc7 20. Qf4 Rh7 21. Qe3 Bd6 22. Nxg6 Nd5 23. Bxd5 cxd5 24. Nh4 Kd7 25. Qd3 Rhh8 26. Nf3 Rcf8 27. Rc1 Qc4 28. Qc2 Kc8 29. b3 Qb5 30. a4 Qb6 31. c4 dxc4 32. Qxc4+ Kb8 33. Qd3 Qd8 34. Ne5 Bb4 35. Qb5 Ka8 1-0

[Event "Altenkirchen Seniors op 19th"]
[Site "Altenkirchen"]
[Date "2022.07.20"]
[Round "2"]
[White "Loehr, Hans Gerd"]
[Black "Schulte, Stefan"]
[Result "1/2-1/2"]
[WhiteElo "1768"]
[BlackElo "1948"]
[PlyCount "59"]
[EventDate "2022.07.19"]
[EventType "swiss"]
[EventRounds "9"]
[EventCountry "GER"]
[SourceTitle "CBM 209 Extra"]
[Source "ChessBase"]
[SourceDate "2022.09.30"]
[SourceVersion "1"]
[SourceVersionDate "2022.09.30"]
[SourceQuality "1"]

1. e4 c5 2. Nc3 Nc6 3. f4 g6 4. Nf3 Bg7 5. Bb5 e6 6. d3 Nge7 7. 0-0 0-0 8. Bxc6 Nxc6 9. a3 d6 10. Qe1 Nd4 11. Nxd4 cxd4 12. Ne2 Qc7 13. c4 dxc3 14. Nxc3 Bd7 15. Kh1 f5 16. Bd2 Rae8 17. Rc1 Qb8 18. Qg3 Bc6 19. b4 a6 20. h4 Kh8 21. Rfe1 Qd8 22. e5 dxe5 23. fxe5 Rf7 24. Ne2 Rd7 25. d4 Bb5 26. Be3 Bxe2 27. Rxe2 Rc7 28. Rec2 Rxc2 29. Rxc2 Qd7 30. Qf2 1/2-1/2

[Event "Altenkirchen Seniors op 18th"]
[Site "Altenkirchen"]
[Date "2021.07.09"]
[Round "8"]
[White "Bade, Heidrun"]
[Black "Loehr, Hans Gerd"]
[Result "0-1"]
[WhiteElo "1790"]
[BlackElo "1743"]
[PlyCount "86"]
[EventDate "2021.07.02"]
[EventType "swiss"]
[EventRounds "9"]
[EventCountry "GER"]
[SourceTitle "CBM 203 Extra"]
[Source "ChessBase"]
[SourceDate "2021.09.30"]
[SourceVersion "1"]
[SourceVersionDate "2021.09.30"]
[SourceQuality "1"]

1. e4 c5 2. Nf3 Nc6 3. d4 cxd4 4. Nxd4 e5 5. Nb5 d6 6. Bc4 Be7 7. 0-0 Nf6 8. N5c3 0-0 9. Re1 Na5 10. Bb3 Nxb3 11. axb3 a6 12. Nd5 Nxd5 13. exd5 Bg5 14. Nc3 Bxc1 15. Qxc1 Bf5 16. Ne4 Rc8 17. c3 Bg6 18. Qd1 f5 19. Nd2 Qg5 20. Nc4 Bh5 21. Qd2 Qg6 22. f4 e4 23. Re3 Rf6 24. Rg3 Qe8 25. Ne3 Qd7 26. Rg5 Bg6 27. Qd4 Rcf8 28. Re1 h6 29. Rg3 Bh7 30. Nf1 Rg6 31. Rxg6 Bxg6 32. Re3 Kh7 33. c4 Rc8 34. Rc3 Bh5 35. Ng3 Bf7 36. Ne2 b5 37. Rg3 g6 38. Rc3 bxc4 39. bxc4 a5 40. Kf1 a4 41. Ra3 Be8 42. Ke1 Qb7 43. b3 Qb4+ 0-1

[Event "Altenkirchen Seniors op 18th"]
[Site "Altenkirchen"]
[Date "2021.07.07"]
[Round "6"]
[White "Cleve Prinz, Wolfgang"]
[Black "Loehr, Hans Gerd"]
[Result "1-0"]
[WhiteElo "1911"]
[BlackElo "1743"]
[PlyCount "91"]
[EventDate "2021.07.02"]
[EventType "swiss"]
[EventRounds "9"]
[EventCountry "GER"]
[SourceTitle "CBM 203 Extra"]
[Source "ChessBase"]
[SourceDate "2021.09.30"]
[SourceVersion "1"]
[SourceVersionDate "2021.09.30"]
[SourceQuality "1"]

1. Nf3 d5 2. c4 e6 3. b3 Nf6 4. g3 Nc6 5. Bb2 Bd6 6. d4 b6 7. Bg2 Bb7 8. 0-0 0-0 9. cxd5 exd5 10. Nc3 a6 11. Rc1 Qe7 12. Nh4 Qd7 13. Nxd5 Nxd5 14. Bxd5 Bxg3 15. Bxc6 Bxc6 16. hxg3 Bd5 17. Qc2 Rae8 18. Qf5 Re6 19. Rfe1 Be4 20. Qg4 h5 21. Qf4 Qd8 22. Qxc7 Qg5 23. Qf4 Qa5 24. d5 Qxd5 25. Red1 Qb5 26. Qd2 Rfe8 27. a4 Qxb3 28. Qc3 Qxc3 29. Bxc3 Bc6 30. Nf5 Rg6 31. Rd4 Rxe2 32. Bb4 Bxa4 33. Ne7+ Rxe7 34. Bxe7 Bb5 35. Rd6 f6 36. Rxb6 h4 37. Rb8+ Kh7 38. Bd6 f5 39. Bf4 hxg3 40. fxg3 Re6 41. Kf2 Bd3 42. Re1 Be4 43. Rd1 Rc6 44. Re1 Re6 45. Rd8 Rb6 46. Be5 1-0

[Event "RLP Seniors op 17th"]
[Site "Neustadt an der Weinstrasse"]
[Date "2019.07.24"]
[Round "5"]
[White "Loehr, Hans Gerd"]
[Black "Mikolajewski, Armin"]
[Result "0-1"]
[WhiteElo "1755"]
[BlackElo "2011"]
[PlyCount "104"]
[EventDate "2019.07.20"]
[EventType "swiss"]
[EventRounds "9"]
[EventCountry "GER"]
[SourceTitle "CBM 192 Extra"]
[Source "Chessbase"]
[SourceDate "2019.11.06"]
[SourceVersion "1"]
[SourceVersionDate "2019.11.06"]
[SourceQuality "1"]

1. e4 e5 2. Nf3 Nc6 3. Bc4 Nf6 4. d3 Be7 5. 0-0 d6 6. c3 0-0 7. a4 h6 8. Re1 Na5 9. Ba2 c5 10. h3 Nc6 11. d4 Bd7 12. d5 Nb8 13. b4 b6 14. b5 Nh7 15. Bc4 a6 16. Nbd2 axb5 17. Bd3 bxa4 18. c4 Ra5 19. Bc2 Qe8 20. Nb1 Na6 21. Nc3 Nb4 22. Bxa4 Qa8 23. Be3 Bxa4 24. Nxa4 Qa7 25. Nc3 Ra8 26. Rxa5 Qxa5 27. Nb5 Qa2 28. Qe2 Qxe2 29. Rxe2 Nf6 30. Nh4 Bf8 31. Nf5 Ra1+ 32. Kh2 Ne8 33. h4 Kh7 34. g4 g6 35. Ng3 Be7 36. h5 Nd3 37. hxg6+ fxg6 38. Rc2 Nf6 39. Kh3 Nf4+ 40. Bxf4 exf4 41. Re2 Nd7 42. Nf5 gxf5 43. exf5 Ne5 44. f3 Ra4 45. Rxe5 dxe5 46. d6 Bd8 47. g5 hxg5 48. Kg4 Rxc4 49. Nc7 Rd4 50. f6 Bxf6 51. Ne8 Bd8 52. Kf5 c4 0-1

[Event "RLP Seniors op 17th"]
[Site "Neustadt an der Weinstrasse"]
[Date "2019.07.22"]
[Round "3"]
[White "Loehr, Hans Gerd"]
[Black "Schulze Forsthoevel, Manfred"]
[Result "1-0"]
[WhiteElo "1755"]
[BlackElo "1297"]
[PlyCount "73"]
[EventDate "2019.07.20"]
[EventType "swiss"]
[EventRounds "9"]
[EventCountry "GER"]
[SourceTitle "CBM 192 Extra"]
[Source "Chessbase"]
[SourceDate "2019.11.06"]
[SourceVersion "1"]
[SourceVersionDate "2019.11.06"]
[SourceQuality "1"]

1. e4 e5 2. Nf3 d6 3. d4 Bg4 4. dxe5 Bxf3 5. Qxf3 dxe5 6. Bc4 Qe7 7. 0-0 Nd7 8. Be3 Ngf6 9. Nd2 h5 10. Rad1 Ng4 11. Nb3 Nxe3 12. Qxe3 c5 13. Qf3 Qf6 14. Bxf7+ Qxf7 15. Qxf7+ Kxf7 16. Rxd7+ Be7 17. Rfd1 b6 18. Nd2 Rhd8 19. Nc4 Ke6 20. Rxd8 Rxd8 21. Rxd8 Bxd8 22. g3 Bg5 23. Kg2 Bc1 24. b3 g5 25. a4 g4 26. h3 Bg5 27. hxg4 hxg4 28. f3 gxf3+ 29. Kxf3 Bd8 30. Ne3 Bg5 31. Nd5 Bd8 32. Kg4 a6 33. c4 Kd6 34. Kf5 Kc6 35. g4 b5 36. Kxe5 Bg5 37. Kf5 1-0

[Event "Bad Wiessee Senioren Cup 8th"]
[Site "Bad Wiessee"]
[Date "2019.05.16"]
[Round "6"]
[White "Loehr, Hans Gerd"]
[Black "Pfitzer, Norbert"]
[Result "1-0"]
[WhiteElo "1724"]
[BlackElo "2047"]
[PlyCount "103"]
[EventDate "2019.05.11"]
[EventType "swiss"]
[EventRounds "9"]
[EventCountry "GER"]
[SourceTitle "EXT 2020"]
[Source "ChessBase"]
[SourceDate "2019.10.17"]
[SourceVersion "1"]
[SourceVersionDate "2019.10.17"]
[SourceQuality "1"]

1. e4 d6 2. d4 Nf6 3. Bd3 g6 4. Nf3 Bg7 5. 0-0 0-0 6. Nbd2 Nc6 7. c3 e5 8. Re1 Nh5 9. Nf1 exd4 10. cxd4 Nxd4 11. Nxd4 Bxd4 12. Be2 Qf6 13. Bf3 Bg4 14. Be3 Bxe3 15. Nxe3 Bxf3 16. gxf3 Nf4 17. Kh1 Qxb2 18. Nc2 Qf6 19. Qd2 Rfe8 20. Rg1 Re5 21. Ne3 Nh3 22. Rg3 Rxe4 23. Rb1 Rh4 24. Nd5 Qg7 25. Ne7+ Kf8 26. Nf5 Qf6 27. Nxh4 Qxh4 28. Rb4 Qh5 29. Kg2 Nxf2 30. Qxf2 b6 31. Rh3 Qc5 32. Qb2 Kg8 33. Rxh7 Qg5+ 34. Rg4 Qxg4+ 35. fxg4 Kxh7 36. Qf6 Kg8 37. Qe7 c5 38. Qxd6 Re8 39. Kf3 Kg7 40. g5 Re6 41. Qc7 a5 42. a4 Kg8 43. Qd8+ Kg7 44. h4 Rc6 45. Kf4 c4 46. Qd4+ Kg8 47. Qd5 Rc8 48. Qd7 Rc5 49. Qd8+ Kg7 50. Qxb6 Rf5+ 51. Ke4 c3 52. Qd4+ 1-0

[Event "Rheinland Pfalz op Seniors 16th"]
[Site "Neustadt an der Weinstrasse"]
[Date "2018.07.15"]
[Round "9"]
[White "Loehr, Hans Gerd"]
[Black "Zerweck, Christoph"]
[Result "0-1"]
[WhiteElo "1719"]
[BlackElo "1916"]
[PlyCount "80"]
[EventDate "2018.07.07"]
[EventType "swiss"]
[EventRounds "9"]
[EventCountry "GER"]
[SourceTitle "EXT 2019"]
[Source "ChessBase"]
[SourceDate "2018.10.10"]
[SourceVersion "1"]
[SourceVersionDate "2018.10.10"]
[SourceQuality "1"]

1. e4 c5 2. Nc3 a6 3. g3 b5 4. a3 Bb7 5. Bg2 e6 6. Nge2 Nf6 7. d4 b4 8. Na4 Bxe4 9. Bxe4 Nxe4 10. f3 Nf6 11. Nxc5 Qb6 12. Nd3 bxa3 13. b3 Nc6 14. c3 d5 15. 0-0 Be7 16. b4 0-0 17. Rxa3 a5 18. Rb3 axb4 19. cxb4 Nxd4 20. Be3 Nxe2+ 21. Qxe2 Qb5 22. Qb2 Nd7 23. Rc1 Bf6 24. Qb1 Rfc8 25. Rxc8+ Rxc8 26. Ra3 Ne5 27. Nxe5 Bxe5 28. f4 Bf6 29. Ra5 Qe2 30. Bf2 g6 31. Ra2 Qb5 32. Ra5 Qc4 33. Rc5 Rxc5 34. bxc5 Bd4 35. Qf1 Qxc5 36. Bxd4 Qxd4+ 37. Kg2 Qe4+ 38. Kh3 h5 39. Qg2 Qxg2+ 40. Kxg2 f6 0-1

[Event "Rheinland Pfalz op Seniors 16th"]
[Site "Neustadt an der Weinstrasse"]
[Date "2018.07.10"]
[Round "4"]
[White "Loehr, Hans Gerd"]
[Black "Thronicke, Klaus Peter"]
[Result "1/2-1/2"]
[WhiteElo "1719"]
[BlackElo "1904"]
[PlyCount "51"]
[EventDate "2018.07.07"]
[EventType "swiss"]
[EventRounds "9"]
[EventCountry "GER"]
[SourceTitle "EXT 2019"]
[Source "ChessBase"]
[SourceDate "2018.10.10"]
[SourceVersion "1"]
[SourceVersionDate "2018.10.10"]
[SourceQuality "1"]

1. e4 c5 2. Nc3 e6 3. Nge2 Nc6 4. g3 Nf6 5. Bg2 a6 6. 0-0 Be7 7. d4 cxd4 8. Nxd4 0-0 9. Re1 Nxd4 10. Qxd4 d6 11. e5 dxe5 12. Qxe5 Bd6 13. Qe2 h6 14. Ne4 Nxe4 15. Qxe4 Qf6 16. c3 Bc5 17. Be3 Bxe3 18. Rxe3 Rb8 19. Qc4 Qe7 20. Rd1 b5 21. Qf4 Bb7 22. Red3 Bxg2 23. Rd7 Qf6 24. Qxf6 gxf6 25. Kxg2 Rfc8 26. a3 1/2-1/2

[Event "Rheinland Pfalz op Seniors 16th"]
[Site "Neustadt an der Weinstrasse"]
[Date "2018.07.07"]
[Round "1"]
[White "Huettemann, Karl Heinz"]
[Black "Loehr, Hans Gerd"]
[Result "1-0"]
[WhiteElo "2096"]
[BlackElo "1719"]
[PlyCount "83"]
[EventDate "2018.07.07"]
[EventType "swiss"]
[EventRounds "9"]
[EventCountry "GER"]
[SourceTitle "EXT 2019"]
[Source "ChessBase"]
[SourceDate "2018.10.10"]
[SourceVersion "1"]
[SourceVersionDate "2018.10.10"]
[SourceQuality "1"]

1. c4 e5 2. Nc3 Nf6 3. Nf3 Nc6 4. e3 d5 5. cxd5 Nxd5 6. Bb5 Nxc3 7. bxc3 Bd6 8. d4 0-0 9. Bxc6 bxc6 10. dxe5 Bc5 11. 0-0 Rb8 12. Nd4 Bd7 13. Nb3 Bb6 14. c4 c5 15. a4 a5 16. Bb2 Bf5 17. Qc1 Qe7 18. Rd1 Rfd8 19. Qc3 c6 20. Nxa5 Rxd1+ 21. Rxd1 Rd8 22. Rd6 Qc7 23. Nxc6 Qxc6 24. g4 Be4 25. f3 Rxd6 26. exd6 f6 27. fxe4 Qxd6 28. e5 Qd1+ 29. Kf2 Qxg4 30. exf6 Qh4+ 31. Kf1 Qh3+ 32. Ke1 Qh4+ 33. Kd1 Qg4+ 34. Kd2 Qg2+ 35. Kc1 Qg1+ 36. Kc2 Qxh2+ 37. Kb3 Qh5 38. fxg7 Qf7 39. Qd3 Bc7 40. Qe4 h5 41. Qa8+ Kh7 42. Qh8+ 1-0

[Event "Pfalz-ch HT1 87th"]
[Site "Landau"]
[Date "2018.03.31"]
[Round "7"]
[White "Loehr, Hans Gerd"]
[Black "Morgenthaler, Michael"]
[Result "1-0"]
[WhiteElo "1594"]
[BlackElo "1493"]
[PlyCount "26"]
[EventDate "2018.03.23"]
[EventType "swiss"]
[EventRounds "7"]
[EventCountry "GER"]
[SourceTitle "EXT 2019"]
[Source "ChessBase"]
[SourceDate "2018.10.10"]
[SourceVersion "1"]
[SourceVersionDate "2018.10.10"]
[SourceQuality "1"]

1. e4 b6 2. d4 e6 3. Bd3 Bb7 4. Nf3 c5 5. Qe2 d5 6. exd5 Bxd5 7. c4 Bxf3 8. Qxf3 Nd7 9. Be4 Rc8 10. Bb7 Rc7 11. Bf4 e5 12. dxe5 Nxe5 13. Bxe5 Re7 1-0

[Event "Pfalz-ch HT1 87th"]
[Site "Landau"]
[Date "2018.03.30"]
[Round "5"]
[White "Ebelshaeuser, Paul"]
[Black "Loehr, Hans Gerd"]
[Result "0-1"]
[WhiteElo "1808"]
[BlackElo "1594"]
[PlyCount "70"]
[EventDate "2018.03.23"]
[EventType "swiss"]
[EventRounds "7"]
[EventCountry "GER"]
[SourceTitle "EXT 2019"]
[Source "ChessBase"]
[SourceDate "2018.10.10"]
[SourceVersion "1"]
[SourceVersionDate "2018.10.10"]
[SourceQuality "1"]

1. d4 d5 2. Nf3 Nf6 3. Bf4 c5 4. e3 Nc6 5. Bb5 e6 6. Ne5 Qb6 7. Nc3 a6 8. dxc5 Qxc5 9. Bxc6+ bxc6 10. 0-0 Be7 11. Ne2 0-0 12. c3 a5 13. Nd4 Ba6 14. Re1 Rfc8 15. g4 Ra7 16. g5 Ne8 17. Qg4 Bd6 18. b4 Qb6 19. bxa5 Qb7 20. Rab1 Qa8 21. Rb6 Bxe5 22. Bxe5 c5 23. Nb3 Bd3 24. Nd2 Rxa5 25. e4 Rxa2 26. Qf4 Qa7 27. Rb3 dxe4 28. Nxe4 c4 29. Rb4 Ra1 30. Qd2 Bxe4 31. Bd4 Rxe1+ 32. Qxe1 Qa8 33. f4 Nd6 34. Qd2 Nf5 35. Kf2 Bh1 0-1

[Event "Pfalz-ch HT1 87th"]
[Site "Landau"]
[Date "2018.03.23"]
[Round "1"]
[White "Loehr, Hans Gerd"]
[Black "Schmidt, Justus"]
[Result "0-1"]
[WhiteElo "1594"]
[BlackElo "2139"]
[PlyCount "64"]
[EventDate "2018.03.23"]
[EventType "swiss"]
[EventRounds "7"]
[EventCountry "GER"]
[SourceTitle "EXT 2019"]
[Source "ChessBase"]
[SourceDate "2018.10.10"]
[SourceVersion "1"]
[SourceVersionDate "2018.10.10"]
[SourceQuality "1"]

1. e4 c5 2. Nc3 a6 3. f4 b5 4. a3 Bb7 5. d3 e6 6. Nf3 d5 7. exd5 exd5 8. d4 Nf6 9. g3 Nc6 10. Ne2 Be7 11. Bg2 0-0 12. 0-0 Rc8 13. h3 Ne4 14. Kh2 Bf6 15. Be3 cxd4 16. Nfxd4 Qc7 17. c3 Na5 18. Qc2 Rfe8 19. Bg1 Nc4 20. Rac1 Ncd6 21. Bf3 Re7 22. Rcd1 Rce8 23. Qc1 g6 24. Qc2 Nc4 25. Kh1 Nc5 26. b4 Ne4 27. a4 bxa4 28. Qa2 a3 29. Nc1 Nxc3 30. Qg2 Nxd1 31. Rxd1 Ne3 32. Bxe3 Rxe3 0-1

[Event "Rheinland Pfalz op Seniors 15th"]
[Site "Neustadt an der Weinstrasse"]
[Date "2017.07.21"]
[Round "7"]
[White "Loehr, Hans Gerd"]
[Black "Reimer, Karl"]
[Result "1-0"]
[WhiteElo "1640"]
[BlackElo "1565"]
[PlyCount "79"]
[EventDate "2017.07.15"]
[EventType "swiss"]
[EventRounds "9"]
[EventCountry "GER"]
[SourceTitle "EXT 2018"]
[Source "ChessBase"]
[SourceDate "2017.10.13"]
[SourceVersion "1"]
[SourceVersionDate "2017.10.13"]
[SourceQuality "1"]

1. e4 c5 2. Nc3 Nc6 3. f4 d6 4. Bb5 Bd7 5. Bxc6 Bxc6 6. Nf3 Nf6 7. d3 g6 8. 0-0 Bg7 9. Qe1 0-0 10. f5 Ng4 11. Qh4 Nf6 12. Bh6 Qb6 13. Rab1 Qd8 14. Bxg7 Kxg7 15. fxg6 hxg6 16. Ng5 Rh8 17. Qg3 Qd7 18. h3 Rad8 19. Ne2 e5 20. Rf2 Qe7 21. Rbf1 Be8 22. Rxf6 Qxf6 23. Rxf6 Kxf6 24. Nc3 Bc6 25. Nd5+ Bxd5 26. exd5 Rh5 27. Ne4+ Ke7 28. Qf3 Rf5 29. Qg4 Rh8 30. Ng3 Rf4 31. Qd1 Rhh4 32. c3 c4 33. dxc4 Rxc4 34. Qd2 Rcf4 35. b3 g5 36. Qe3 b6 37. Ne2 Re4 38. Qd3 f5 39. Ng3 Ref4 40. Nxf5+ 1-0

[Event "Rheinland Pfalz op Seniors 14th"]
[Site "Neustadt an der Weinstrasse"]
[Date "2016.07.24"]
[Round "9"]
[White "Loehr, Hans Gerd"]
[Black "Schuller, Erhard"]
[Result "1-0"]
[WhiteElo "1700"]
[BlackElo "1723"]
[PlyCount "31"]
[EventDate "2016.07.16"]
[EventType "swiss"]
[EventRounds "9"]
[EventCountry "GER"]
[SourceTitle "EXT 2019"]
[Source "ChessBase"]
[SourceDate "2018.10.10"]
[SourceVersion "1"]
[SourceVersionDate "2018.10.10"]
[SourceQuality "1"]

1. e4 c5 2. Nc3 d6 3. f4 Nf6 4. Nf3 Bg4 5. Bb5+ Nc6 6. Bxc6+ bxc6 7. 0-0 Qc7 8. h3 Bxf3 9. Qxf3 e6 10. d3 g6 11. e5 Nd5 12. exd6 Qxd6 13. Ne4 Qd8 14. c4 Nf6 15. Nxf6+ Qxf6 16. Qxc6+ 1-0

[Event "Rheinland Pfalz op Seniors 14th"]
[Site "Neustadt an der Weinstrasse"]
[Date "2016.07.17"]
[Round "2"]
[White "Gebuhr, Guenter"]
[Black "Loehr, Hans Gerd"]
[Result "1-0"]
[WhiteElo "1968"]
[BlackElo "1700"]
[PlyCount "65"]
[EventDate "2016.07.16"]
[EventType "swiss"]
[EventRounds "9"]
[EventCountry "GER"]
[SourceTitle "EXT 2019"]
[Source "ChessBase"]
[SourceDate "2018.10.10"]
[SourceVersion "1"]
[SourceVersionDate "2018.10.10"]
[SourceQuality "1"]

1. e4 c5 2. Nf3 Nc6 3. d4 cxd4 4. Nxd4 e5 5. Nb5 d6 6. N1c3 a6 7. Na3 b5 8. Nd5 Nce7 9. c4 Nxd5 10. Qxd5 Be6 11. Qd2 Nf6 12. f3 bxc4 13. Nxc4 Be7 14. b3 d5 15. exd5 Nxd5 16. Ba3 Bxa3 17. Nxa3 0-0 18. Nc4 Qh4+ 19. g3 Qd4 20. Qxd4 exd4 21. Bd3 Bh3 22. Kf2 Rad8 23. Rhd1 Rfe8 24. g4 h5 25. Kg3 hxg4 26. fxg4 Bxg4 27. Kxg4 Ne3+ 28. Nxe3 dxe3 29. Kf3 Rd6 30. Bh7+ Kxh7 31. Rxd6 f5 32. Re1 f4 33. Kxf4 1-0